<?xml version="1.0" encoding="UTF-8"?>
<collection xmlns="http://www.loc.gov/MARC21/slim">
 <record>
  <leader>01412nam a22002417a 4500</leader>
  <controlfield tag="001">NCT_75088</controlfield>
  <controlfield tag="008">200221b        xxu||||| |||| 00| 0 vie d</controlfield>
  <datafield tag="999" ind1=" " ind2=" ">
   <subfield code="c">3661</subfield>
   <subfield code="d">3661</subfield>
  </datafield>
  <datafield tag="020" ind1=" " ind2=" ">
   <subfield code="a">978604841023</subfield>
   <subfield code="c">380000</subfield>
  </datafield>
  <datafield tag="082" ind1="0" ind2="4">
   <subfield code="2">23rd ed.</subfield>
   <subfield code="a">615.32</subfield>
   <subfield code="b">Ô450</subfield>
  </datafield>
  <datafield tag="100" ind1="1" ind2=" ">
   <subfield code="a">Điền Phong Ô</subfield>
  </datafield>
  <datafield tag="245" ind1="1" ind2="0">
   <subfield code="a">Những bài thuốc thần dược của Trung Quốc</subfield>
   <subfield code="c">Điền Phong Ô, Trương Thanh Vận; Nguyễn Văn Kiêm (dịch); Nguyễn Tiến Hội (h.đ.)</subfield>
  </datafield>
  <datafield tag="250" ind1=" " ind2=" ">
   <subfield code="a">Tái bản</subfield>
  </datafield>
  <datafield tag="260" ind1=" " ind2=" ">
   <subfield code="a">Đà Nẵng</subfield>
   <subfield code="b">Nxb. Đà Nẵng</subfield>
   <subfield code="c">2016</subfield>
  </datafield>
  <datafield tag="300" ind1=" " ind2=" ">
   <subfield code="a">1407 tr.</subfield>
   <subfield code="b">hình vẽ</subfield>
   <subfield code="c">24cm</subfield>
  </datafield>
  <datafield tag="520" ind1="3" ind2=" ">
   <subfield code="a">Quyển sách giới thiệu với bạn đọc hơn 600 loại bệnh, trong đó nhiều bệnh lại có hàng chục bài thuốc để chữa trị như một số bệnh về bệnh truyền nhiễm, những bài thuốc chữa bệnh về hô hấp, những bài thuốc chữa bệnh tiết niệu, ....</subfield>
  </datafield>
  <datafield tag="653" ind1=" " ind2=" ">
   <subfield code="a">Dược học</subfield>
  </datafield>
  <datafield tag="700" ind1="1" ind2=" ">
   <subfield code="a">Trương Thanh Vận</subfield>
  </datafield>
  <datafield tag="700" ind1="1" ind2=" ">
   <subfield code="a">Nguyễn Văn Kiêm</subfield>
   <subfield code="e">Dịch</subfield>
  </datafield>
  <datafield tag="700" ind1="1" ind2=" ">
   <subfield code="a">Nguyễn Tiến Hội </subfield>
   <subfield code="e">Hiệu đính</subfield>
  </datafield>
  <datafield tag="942" ind1=" " ind2=" ">
   <subfield code="2">ddc</subfield>
   <subfield code="c">BK</subfield>
  </datafield>
  <datafield tag="952" ind1=" " ind2=" ">
   <subfield code="0">0</subfield>
   <subfield code="1">0</subfield>
   <subfield code="2">ddc</subfield>
   <subfield code="4">0</subfield>
   <subfield code="6">615_320000000000000_Ô450</subfield>
   <subfield code="7">0</subfield>
   <subfield code="9">18777</subfield>
   <subfield code="a">000001</subfield>
   <subfield code="b">000001</subfield>
   <subfield code="d">2020-02-21</subfield>
   <subfield code="o">615.32 Ô450</subfield>
   <subfield code="p">MD.16397</subfield>
   <subfield code="r">2020-02-21</subfield>
   <subfield code="v">380000.00</subfield>
   <subfield code="w">2020-02-21</subfield>
   <subfield code="y">BK</subfield>
  </datafield>
  <datafield tag="980" ind1=" " ind2=" ">
   <subfield code="a">Thư viện Trường Đại học Nam Cần Thơ</subfield>
  </datafield>
 </record>
</collection>
